000 00671nam a22002057a 4500
003 0
005 20251111152315.0
008 251111b xxu||||| |||| 00| 0 eng d
020 _a978-0-345-50076-2
050 _aPS 3557
_b.G37 2009
100 _aGarwood, Julie,
_eauthor.
245 _aFire and ice :
_ba novel /
_cJulie Garwood.
260 _aNew York, NY :
_bBallantine Books,
_c2009.
300 _a394 pages ;
_c18 cm.
650 _aRomantic suspense fiction.
650 _aUnited States. Federal Bureau of Investigation
_xOfficials and employees
_vFiction.
650 _aWomen journalists
_xFiction.
650 _aMurder
_xInvestigation
_vFiction.
942 _2lcc
_cBK
999 _c368589
_d368589